[Event "Abu Dhabi op 19th"]
[Site "Abu Dhabi"]
[Date "2009.08.12"]
[Round "1"]
[White "Mohamed, Eissa"]
[Black "Andriasian, Zaven"]
[Result "0-1"]
[WhiteElo "1831"]
[BlackElo "2585"]
[PlyCount "72"]
[EventDate "2009.08.12"]
[EventType "swiss"]
[EventRounds "9"]
[EventCountry "UAE"]
[SourceTitle "CBM 131 Extra"]
[Source "ChessBase"]
[SourceDate "2009.09.03"]
[SourceVersion "2"]
[SourceVersionDate "2009.09.16"]
[SourceQuality "1"]

1. e4 c5 2. Nf3 d6 3. d4 cxd4 4. Nxd4 Nf6 5. Nc3 a6 6. Bg5 e6 7. Be2 Be7 8. 0-0 0-0 9. Kh1 b5 10. Bd3 Bb7 11. b4 Nbd7 12. f3 Rc8 13. Nce2 d5 14. exd5 Nxd5 15. Bxe7 Qxe7 16. Qd2 Qxb4 17. c3 Qe7 18. Rac1 Ne5 19. Be4 Rfd8 20. f4 Nc4 21. Qe1 Nf6 22. Bxb7 Qxb7 23. Ng3 b4 24. Nf3 bxc3 25. Rxc3 Qd5 26. Qc1 Nd6 27. Rc2 Rxc2 28. Qxc2 Nb5 29. h3 h6 30. Re1 Qd3 31. Qf2 Nc3 32. Ne5 Qd2 33. Qxd2 Rxd2 34. Rc1 Nfd5 35. a3 g6 36. Rf1 Rd4 0-1

[Event "UAE President Cup"]
[Site "Al Ain"]
[Date "2008.08.30"]
[Round "9"]
[White "Mohamed, Eissa"]
[Black "Abdulaziz, Eman"]
[Result "0-1"]
[WhiteElo "1856"]
[BlackElo "1693"]
[PlyCount "62"]
[EventDate "2008.08.23"]
[EventType "swiss"]
[EventRounds "9"]
[EventCountry "UAE"]
[SourceTitle "CBM 126 Extra"]
[Source "ChessBase"]
[SourceDate "2008.11.05"]
[SourceVersion "1"]
[SourceVersionDate "2008.11.05"]
[SourceQuality "1"]

1. e4 c5 2. Nf3 Nc6 3. d4 cxd4 4. Nxd4 Nf6 5. Nc3 e6 6. Be2 Bb4 7. Nxc6 bxc6 8. Bg5 Qa5 9. Bxf6 gxf6 10. Qd3 Bxc3+ 11. Qxc3 Qxc3+ 12. bxc3 Rb8 13. Kd2 Ke7 14. Rab1 Bb7 15. Rb2 Ba8 16. Rhb1 Rxb2 17. Rxb2 d6 18. Rb3 Rd8 19. c4 d5 20. cxd5 cxd5 21. e5 fxe5 22. Ra3 Rd7 23. Rh3 d4 24. g3 Be4 25. Bd3 Bg6 26. Bxg6 hxg6 27. g4 g5 28. Ra3 e4 29. h4 gxh4 30. Ra4 h3 31. Ra5 Rd5 0-1

[Event "Dubai op 09th"]
[Site "Dubai"]
[Date "2007.04.22"]
[Round "1"]
[White "Sethuraman, SP."]
[Black "Mohamed, Eissa"]
[Result "1-0"]
[WhiteElo "2332"]
[BlackElo "1865"]
[PlyCount "27"]
[EventDate "2007.04.22"]
[EventType "swiss"]
[EventRounds "9"]
[EventCountry "UAE"]
[SourceTitle "CBM 118 Extra"]
[Source "ChessBase"]
[SourceDate "2007.07.04"]
[SourceVersion "1"]
[SourceVersionDate "2007.07.04"]
[SourceQuality "1"]

1. e4 c6 2. d4 d5 3. e5 Bf5 4. Nf3 e6 5. Be2 Nd7 6. 0-0 c5 7. c4 dxc4 8. Na3 Ne7 9. Bg5 h6 10. Nxc4 Nb6 11. Nd6+ Kd7 12. dxc5 Nbd5 13. Bb5+ Kc7 14. Nxf7 1-0

[Event "UAE President Cup 13th"]
[Site "Dubai"]
[Date "2007.01.20"]
[Round "3"]
[White "Mohamed, Eissa"]
[Black "Khalil, Ibrahim"]
[Result "1/2-1/2"]
[WhiteElo "1850"]
[BlackElo "2058"]
[PlyCount "24"]
[EventDate "2007.01.18"]
[EventType "swiss"]
[EventRounds "9"]
[EventCountry "UAE"]
[SourceTitle "EXT 2018"]
[Source "ChessBase"]
[SourceDate "2017.10.13"]
[SourceVersion "1"]
[SourceVersionDate "2017.10.13"]
[SourceQuality "1"]

1. e4 e6 2. d4 d5 3. e5 c5 4. c3 Qb6 5. Nf3 Nc6 6. Be2 Bd7 7. 0-0 cxd4 8. cxd4 Nge7 9. Na3 Nf5 10. Nc2 Rc8 11. Rb1 Nb4 12. Nxb4 Bxb4 1/2-1/2